| 000 | 00663nam a22001337a 4500 | ||
|---|---|---|---|
| 040 | _cRUA | ||
| 082 | _aGRS HEM 2017 B641 Or.1 | ||
| 100 | _aHEM BOL ហែម បុល | ||
| 245 | _apesticide use on season rice in trea commune samroung district takeo province ការប្រើប្រាស់ថ្នាំកសិកម្មលើដំណាំស្រូវប្រាំនៅឃុំទ្រា ស្រុកសំរោង ខេត្ត តាកែវ | ||
| 260 |
_aRUA _bPhnom Penh _c2017 |
||
| 300 |
_avii;46p _bill; _c29cm |
||
| 856 | _uhttps://drive.google.com/file/d/1qcpPQpN4BEsDnWZifigZGRbBRoHAJXdx/view?usp=sharing | ||
| 942 | _cGRS | ||
| 999 |
_c18097 _d18097 |
||